| 000 | 00536ngm a2200253 a 4500 | ||
|---|---|---|---|
| 003 | OSt | ||
| 005 | 20251020182700.0 | ||
| 008 | 240217s9999 xx 000 0 und d | ||
| 040 | _aPE SENCICO BE | ||
| 040 | _cPE SENCICO BE | ||
| 041 | _aspa | ||
| 082 | _aL002 | ||
| 245 | 0 | _aDel plástico al concreto / | |
| 260 | _c1994 | ||
| 300 | _a1 VIDEO | ||
| 300 | _bson., Col. | ||
| 300 | _c33' | ||
| 490 | _aTECNOLOGIA | ||
| 650 | _aCONCRETO | ||
| 650 | _aPLASTICO | ||
| 651 | _aEspaña | ||
| 910 | _aila. | ||
| 942 |
_cVID _2ddc |
||
| 999 |
_c4804 _d4804 |
||